Cargando...

അറബിക്, മാഫീ മുശ്കിൽ (Arabic kafee mushkil)

Detalles Bibliográficos
Autor principal: മുജീബ് എടവണ്ണ (Mujeeb Edavanna)
Formato: Printed Book
Publicado: Kottayam DC Books 2016
Materias:
LEADER 00587nam a22001577a 4500
999 |c 43443  |d 43443 
020 |a 9788126465842 
082 |a M158.1  |b MUJ/A 
100 |a മുജീബ് എടവണ്ണ (Mujeeb Edavanna) 
245 |a അറബിക്, മാഫീ മുശ്കിൽ (Arabic kafee mushkil) 
260 |a Kottayam  |b DC Books  |c 2016 
300 |a 278p. 
650 |a Arabic,mafee mushkil 
650 |a Self help (Linguistics) 
942 |c BK 
952 |0 0  |1 0  |4 0  |6 M_158_100000000000000_MUJ_A  |7 0  |9 47392  |a KUCL  |c M  |d 2017-03-22  |g 250.00  |l 1  |m 1  |o M158.1 MUJ/A  |p 44275  |r 2018-09-11  |s 2018-06-27  |y BK